000 01223nam0a2200337 4500
001 RU\NLR\bibl\1303803
005 20250615151925.0
010 _a978-5-9787-0285-9
_94000
010 _a978-5-9787-0286-6
_91000
021 _aRU
_b2008-83067
_94839
021 _aRU
_b2008-80673
_94691
035 _a(NLR Aleph) 001289342
090 _a549189
_c549189
100 _a20081208d2008 |||y0rusy50 ca
101 0 _arus
102 _aRU
105 _aa |||||||||
200 1 _aМагическая сила цвета
_eсемь цветов здоровья
_eпрактическое пособие по цветотерапии
_fГалина Шереметева
205 _a2-е изд.
210 _aМосква
_cАмрита-Русь
_d2008
215 _a334 с., [4] л. цв. ил.
_cил.
_d20
320 _aБиблиогр.: с. 330
606 1 _aЦветотерапия
_jПрактические пособия
_91902496
_3RU\NLR\auth\661156041
686 _aР357.19
700 1 _aШереметева
_bГ. Б.
_gГалина Борисовна
_4070
801 0 _aRU
_bNLR
_c20081208
_gRCR
801 1 _aRU
_bNLR
_c20081208
830 _aавт. по кн.
942 _cBOOK
980 _aNB